Skip to content
VuFind
语言
English
Deutsch
Español
Français
Italiano
日本語
Nederlands
Português
Português (Brasil)
中文(简体)
中文(繁體)
Türkçe
עברית
Gaeilge
Cymraeg
Ελληνικά
Català
Euskara
Русский
Čeština
Suomi
Svenska
polski
Dansk
slovenščina
اللغة العربية
বাংলা
Galego
Tiếng Việt
Hrvatski
हिंदी
全文检索
题名
作者
主题
索引号
ISBN/ISSN
标签
检索
高级检索
检索
Yojana 1994, Vol. 38
引用
推荐此
打印
导出纪录
导出到 RefWorks
导出到 EndNoteWeb
导出到 EndNote
permanent_link
载入...
Yojana 1994, Vol. 38
书目详细资料
格式:
Printed Book
持有资料
实物特征
相似书籍
职员浏览
LEADER
00349nam a2200193 4500
020
082
100
245
|a
Yojana 1994, Vol. 38
250
260
300
490
500
590
650
942
|c
BK
999
|c
113390
|d
113390
952
|0
0
|1
0
|4
0
|7
0
|9
126857
|a
ECN
|b
ECN
|l
0
|p
ECN10413
|r
2019-09-25
|w
2019-09-25
|y
BK
相似书籍
YOJANA
出版: (2013)
Yojana /
出版: (1973)
Yojana /
出版: (1973)
Yojana /
出版: (1973)
Yojana
出版: (1969)
载入...